| 000 | 00559nam a2200181 a 4500 | ||
|---|---|---|---|
| 001 | 000029237 | ||
| 003 | OSt | ||
| 005 | 20260321073641.0 | ||
| 008 | 110414s2010 dr 000 0 spa d | ||
| 020 | _a9789945873580 | ||
| 040 |
_aDO-SdBNP _bspa _cBNPHU |
||
| 082 | _bB742 | ||
| 100 | 1 |
_a Bosch, Juan, _d1909-2001 _976555 |
|
| 245 | 1 | 0 |
_aJuan Bosch ideario : _b100 ideas en los cien años de su natalicio / _cJuan Bosch |
| 260 |
_aSanto Domingo : _bFundación Juan Bosch : _bMinisterio de la Juventud, _c2010. |
||
| 300 |
_a39 p. ; _c21 cm. |
||
| 942 |
_2ddc _cLBS1 |
||
| 999 |
_c28729 _d28729 |
||